Sports Quiz

Random Sports or Auto Racing Quiz

Formula One Circuit Match-up Quiz Stats

 Plays Quiz Updated Nov 19, 2014

Support Sporcle.
Go Orange.
Score 0/19 Timer 04:00
1 Play Today
% Correct
Circuit de Monaco
97.4%
Circuit de Barcelona-Catalunya
96.8%
Bahrain International Circuit
96.4%
Circuit of the Americas
95.4%
Shanghai International Circuit
94.8%
Hockenheimring
94.4%
Autodromo Nazionale Monza
94.4%
Hungaroring
93.5%
Autódromo José Carlos Pace (Interlagos)
92.9%
Suzuka Circuit
92.8%
% Correct
Silverstone Circuit
92.6%
Circuit de Spa-Francorchamps
92.6%
Sochi Autodrom
91.9%
Albert Park
91.3%
Circuit Gilles Villeneuve
89.2%
Red Bull Ring (A1-Ring)
88.5%
Sepang International Circuit
85.4%
Marina Bay Street Circuit
80.2%
Yas Marina Circuit
75.2%

You're not logged in!

Compare scores with friends on all Sporcle quizzes.
OR
Log In

From the Vault

Europa League Winners

by pbysr

Arguably one of the most prestigious European football contests, it seemed time to have a Sporcle quiz on it.
Remove Ads.
Support Sporcle.
Get the best of Sporcle when you Go Orange. This ad-free experience offers more features, more stats, and more fun while also helping to support Sporcle. Thank you for becoming a member.

Show Comments

Extras

Top Quizzes Today


Score Distribution

Your Account Isn't Verified!

In order to create a playlist on Sporcle, you need to verify the email address you used during registration. Go to your Sporcle Settings to finish the process.

Report this User

Report this user for behavior that violates our Community Guidelines.

Details: